| 000 | 00489nam a2200169 a 4500 | ||
|---|---|---|---|
| 020 | _a0903384353 (hb) | ||
| 082 |
_a624.154 _bFLE _cL-15, P-43 |
||
| 100 |
_aW.G.K Fleming Weltman _942636 |
||
| 245 | 1 | _aPiling Engineering | |
| 260 |
_aGlasgow: _bSurrey University Press, _c1985 |
||
| 300 | _axii, 380p. | ||
| 526 |
_a0 _b0 _c0 _d624_154000000000000_FLE |
||
| 650 |
_aMCE _9379 |
||
| 650 |
_aPiling (Civil Engineering) _926808 |
||
| 700 |
_aFleming, W. G. K. (ed.) _942637 |
||
| 942 |
_2ddc _cBK |
||
| 999 |
_c546489 _d546489 |
||